Statystyki dla Piłkarska kariera - James Milner

Kliknij tutaj aby rozwiązać quiz!

Ogólne statystyki

  • Ten quiz został rozwiązany 47 razy
    (17 od ostatniego zresetowania)
  • Średni wynik to 5 z 10

Statystyki odpowiedzi

Kraj klubuRokKlub% Poprawnych
Anglia2015-2023Liverpool
100%
Anglia2010-2015Manchester City
86%
Anglia2023-Brighton
57%
Anglia2008-2010Aston Villa
36%
Anglia2005-2006Aston Villa
36%
Anglia2004-2005Newcastle United
36%
Anglia2006-2008Newcastle United
36%
Anglia2002-2003Leeds United
29%
Anglia2003-2004Leeds United
29%
Anglia2003Swindon Town
14%

Rozkład punktacji

Percentyl według liczby udzielonych odpowiedzi

Procent ludzi z każdym wynikiem

Twoja historia wyników

Nie rozwiązałeś tego quizu od ostatniego zresetowania